Výroba pneumatík

Z obsahu: Trhové podmienky nútia pneumatikárov do zásadnej reorganizácie. Jednotkou na slovenskom trhu je Matador. Barum Continental dynamicky rastie. V Poľsku vyrába kompletná veľká trojka. V Maďarsku bez výpovedí. Continental posilňuje svoju globálnu pozíciu. Aj Michelin koncentruje výrobu do veľk...

Description complète

Enregistré dans:
Détails bibliographiques
Auteur principal: Janoška, Juraj
Autres auteurs: Hrúz, Juraj, Kraxner, Péter
Format: Chapitre de livre
Langue:slovaque
Sujets:
Tags: Ajouter un tag
Pas de tags, Soyez le premier à ajouter un tag!

MARC

LEADER 00000naa a2200000 4500
001 r039903
005 20230921110330.4
041 0 |a slo 
044 |a SK 
245 1 0 |a Výroba pneumatík  |c Juraj Janoška, Juraj Hrúz, Péter Kraxner 
520 |a Z obsahu: Trhové podmienky nútia pneumatikárov do zásadnej reorganizácie. Jednotkou na slovenskom trhu je Matador. Barum Continental dynamicky rastie. V Poľsku vyrába kompletná veľká trojka. V Maďarsku bez výpovedí. Continental posilňuje svoju globálnu pozíciu. Aj Michelin koncentruje výrobu do veľkých fabrík. Goodyear sa pasuje so ziskovosťou. 
610 2 0 |a priemysel gumársky 
610 2 0 |a reorganizácia 
610 2 0 |a koncentrácia 
610 2 0 |a trh 
610 2 0 |a Slovensko 
610 2 0 |a Poľsko 
610 2 0 |a Maďarsko 
610 2 0 |a Česko 
610 2 0 |a USA 
610 2 0 |a Európa 
100 1 |a Janoška, Juraj 
700 1 |a Hrúz, Juraj 
700 1 |a Kraxner, Péter